El imperialismo

Kaydedildi:
Detaylı Bibliyografya
Asıl Yazarlar: Braillard, Philippe (Yazar), Senarclens, Pierre de (Yazar)
Materyal Türü: Kitap
Dil:İspanyolca
Baskı/Yayın Bilgisi: Ciudad de México Fondo de Cultura Económica 1981
Konular:
Etiketler: Etiketle
Etiket eklenmemiş, İlk siz ekleyin!

MARC

LEADER 00000nam a2200000 a 4500
001 UCP6921
003 CL-VaPUC
008 991126e19810000MX |||||||||||||||||spa|d
082 0 4 |a 325.32  |b BRA  |2 21 
100 0 |a Braillard, Philippe  |e author  |9 436216 
700 0 |a Senarclens, Pierre de  |e author  |9 436217 
245 1 3 |a El imperialismo 
300 |a 168 p 
942 |c BK 
945 |d 19991126 00:00:00  |a crobeson 
260 |a Ciudad de México  |b Fondo de Cultura Económica  |c 1981 
600 0 |a Lenin, Vladimir Ilich  |d 1870-1924  |9 319799 
650 0 |a Imperialismo  |9 258264 
650 0 |a Colonialismo  |9 316469 
650 0 |a Doctrinas políticas  |9 255835 
650 7 |a FILOSOFIA POLITICA  |2 CL-VaPUC  |9 436218 
650 0 |a Socialismo  |9 255260 
583 |a last modification  |c 20160913 03:52:19  |k Rodrigo Vera 
999 |c 284295  |d 284293 
952 |0 0  |1 0  |4 0  |6 325_320000000000000_BRA_1981  |7 0  |8 A  |9 328167  |a BIBHIS  |b BIBHIS  |d 2019-11-20  |i 1371398  |o 325.32 BRA 1981  |p 1371398  |r 2025-01-20  |w 2019-11-20  |y BK  |k HIS